000 00307nam a2200133Ia 4500
008 150201s2009 xx 000 0 und d
082 _a615
_bQ09W
100 _aSHARMA,VN
245 _aESSENTIALS OF PHARMACY
250 _a3RD
260 _bCBS
_aDELHI
_c2009
650 _aPHARMACOLOGY
942 _2ddc
_cBK
_010
999 _c1158
_d1158